Most Valuable Postage Stamps by Picture - Statistics

General Stats
  • This quiz has been taken 7 times
  • The average score is 5 of 16
Answer Stats
Picture Hint Answer % Correct
1 593 000$ Inverted Jenny
83%
345 100$ Penny Black
83%
684 000$ Penny Red
83%
3 000 000$ Z-Grill
50%
450 000$ Hawaiian Missionaries
33%
3 800 000$/pair Mauritius Post Office
33%
2 600 000$ Treskilling Yellow
33%
1 600 000$ Two Penny Blue
33%
1 000 000$ Alexandria "Blue Boy"
17%
1 545 000$ Baden 9 Kreuzer error
17%
9 480 000$ British Guiana 1c magenta
17%
889 765$ Red Revenue
17%
575 000$ Buenos Aires 1859 1p "In Ps" tete-beche pair
0%
425 500$ Canada 12d black
0%
325 000$ Lost Continental
0%
189 144$ Moldavian "Cap de bour"
0%
No matching quizzes found
Score Distribution
Percent of People with Each Score
Percentile by Number Answered
Your Score History
You have not taken this quiz